Procesné riadenie a riadenie výkonnosti v podniku.

Salvato in:
Dettagli Bibliografici
Autore principale: Dubravčík, Ján, 1986- (Autore)
Altri autori: Tekulová, Zuzana, 1974- (Relatore della tesi)
Natura: Manoscritto Libro
Lingua:slovacco
Pubblicazione: Bratislava : STU v Bratislave SjF, 2010
Soggetti:
Accesso online:VAIS
Tags: Aggiungi Tag
Nessun Tag, puoi essere il primo ad aggiungerne!!

MARC

LEADER 00000ntm a22000003a 4500
001 stu218864
005 20150617230115.3
008 101207s2010----xo------------------slo-d
040 |a STU  |b slo 
041 0 |a slo 
044 |a xo 
100 1 |a Dubravčík, Ján,  |d 1986-  |4 aut  |u J  |T SjF Strojnícka fakulta  |X 40876  |U J  |Y 20  |7 A000040876 
242 0 0 |a The application process approach in business  |y eng 
245 1 |a Procesné riadenie a riadenie výkonnosti v podniku. 
260 |a Bratislava :  |b STU v Bratislave SjF,  |c 2010 
650 7 |a výrobné systémy a manažérstvo kvality  |2 stusub 
650 7 |a Production Systems and Quality Management  |2 estusub 
650 7 |a procesný prístup  |2 stusub 
650 7 |a organizačná štruktúra  |2 stusub 
650 7 |a organizational structure  |2 estusub 
700 1 |a Tekulová, Zuzana,  |d 1974-  |4 ths  |u J0070  |U SjF Strojnícka fakulta  |T SjF Ústav výrobných systémov, enviromentálnej techniky a manažment kvality  |X 42591  |U J0070  |Y 804  |7 A000042591 
856 4 |a info a plný text  |u http://is.stuba.sk/zp/portal_zp.pl?podrobnosti=73976  |3 VAIS 
996 |b 284J038935  |c J*803/BP  |l JJSK  |s A  |a 24  |w stu218864_0001